000 01238nam a2200277Ia 4500
003 OSt
005 20220923211445.0
006 a|||||r|||| 00| 0
007 ta
008 220922b |||||||| |||| 00| 0 hin d
020 _a9789350640098 (pbk)
_c395
024 _a324,920
037 _b400, 13/03/2018, Eastern Book Linkers
_cTextual
040 _aARTS
_cARTS
_bhin
041 _2hin
_ahin
082 _aO152,3N384,SH, Q7
100 _aभटनागर, राजेन्द्र मोहन, ले.
_9160546
245 0 _aशहादत
_b पूर्व प्रधानमंत्री इन्दिरा गॉंधी पर केन्द्रित उपन्यास
246 _aShahādata: pūrva pradhānahintrī indirā gaॉandhī par kendrit upanyāsa
260 _aदिल्ली
_b राजपाल एण्ड सन्ज़
_c2017
300 _a316पृ.
_ccm.
650 _a हिन्दी साहित्य
_9156264
650 _aहिन्दी कहानी
942 _hO152,3N384,SH, Q7
_cTEXL
_2CC
999 _c299729
_d299729